Mathematics for Economic Universities
Gespeichert in:
| 1. Verfasser: | |
|---|---|
| Weitere Verfasser: | |
| Format: | Buch |
| Sprache: | Englisch |
| Veröffentlicht: |
Praha
Ekopress
2013
|
| Ausgabe: | 1st Edition |
| Schlagworte: | |
| Tags: |
Keine Tags, Fügen Sie das erste Tag hinzu!
|
MARC
| LEADER | 00000nam a2200000 4500 | ||
|---|---|---|---|
| 001 | 0299000 | ||
| 005 | 20240416113610.6 | ||
| 020 | |a 978-80-87865-01-9 | ||
| 041 | 0 | |a eng | |
| 044 | |a CZ | ||
| 245 | 1 | 0 | |a Mathematics for Economic Universities |c Jindřich Klůfa, Nikola Kaspříková |
| 250 | |a 1st Edition | ||
| 264 | 1 | |a Praha |b Ekopress |c 2013 | |
| 300 | |a 195 s. | ||
| 610 | 2 | 0 | |a matematika |
| 610 | 2 | 0 | |a matematika finančná |
| 610 | 2 | 0 | |a matematika hospodárska |
| 610 | 2 | 0 | |a analýza matematická |
| 610 | 2 | 0 | |a funkcie matematické |
| 610 | 2 | 0 | |a logika matematická |
| 610 | 2 | 0 | |a matice |
| 610 | 2 | 0 | |a štúdium vysokoškolské |
| 100 | 1 | |a Klůfa, Jindřich | |
| 700 | 1 | |a Kaspříková, Nikola | |